Central Library OPAC University of Rajshahi
Normal view MARC view

Entry Personal Name

Number of records used in: 3

001 - CONTROL NUMBER

  • control field: 6502

003 - CONTROL NUMBER IDENTIFIER

  • control field: BD-RjUL

005 - DATE AND TIME OF LATEST TRANSACTION

  • control field: 20230110152715.0

008 - FIXED-LENGTH DATA ELEMENTS

  • fixed length control field: 230110|| aca||aabn | a|a d

040 ## - CATALOGING SOURCE

  • Original cataloging agency: BD-RjUL
  • Transcribing agency: BD-RjUL

100 ## - HEADING--PERSONAL NAME

  • Personal name: Mudarris Raz̤avī

670 ## - SOURCE DATA FOUND

  • Source citation: Work cat.: (BD-RjUL)81041: Ṭūsī, Naṣīr al-Dīn Muḥammad ibn Muḥammad, طوسی، نصیرالدين محمد بن ، 1201-1274, author. 6500, أساس الاقتباس asās al-iqtibās /